1748 1133 1623 1344 1642 1971 1383 1334 1743 1607 1351 1840 1173 1311 1624 1201 1389 1175 1992 1613 1143 1963 1931 1142 1009 1231 1915 1182 1567 1420 1527 1564 1956 1928 1259 1581 1124 1929 1840 1729 1820 1209 1030 1821 1884 1789 1864 1326 1091 1767 1795 1753 1891 1976 1753 1580 1664 1305 1180 1291 1368 1475 1433 1050 1055 1876 1165 1771 1310 1787 1450 1635 1154 1808 1066 1399 1179 1666 1676 1137 1534 1582 1642 1755 1099 1015 1907 1663 1590 1396 1569 1090 1670 1360 1473 1077 1511 1706 1012 BCNSPRNW ULIB Ver.6.0+V

เปลี่ยนเป็นภาษาไทย

Change to English
 แสดงรายละเอียดบรรณานุกรม
  กลับหน้าหลัก

Brief Record : Get Marc (ISO 2709) : E-mail record : QR code < ปิดหน้าต่าง
LEADER : 00000nam a22002538a 4500
001    13399114493
003     ULIB
008    110708s2007 us 001 0 eng d
020    ^a9780763746421
060 04 ^aWT31^bH236
100 10 ^a Cathy Jo Cress.
245 00 ^aHandbook of geriatric care management /^c[edited by] Cathy
250    ^a3 rd ed.
260    ^aSudbury, MA. :^bJones & Bartlett Learning,^cc2012.
300    ^axviii, 524 p. :^bill. ;^c26 cm.
504    ^aIncludes bibliographical references and index.
650  0 ^aGeriatrics.
650  2 ^aPractice Management^xorganization & administration
650  2 ^aHealth Services of the Aged^xorganization &
700 1  ^aCress, Cathy, Jo,^eed.
945    ^p0^l0^i031615
995    ^a Kesorn
999 ^a ใช้งานได้ทุกระบบ
รายการนี้ยังไม่มีแท็ก
คุณยังไม่ได้ล็อกอิน คุณสามารถมีกิจกรรมร่วมกับเว็บไซต์ได้ แต่ต้องล็อกอินก่อน ::
  ล็อกอิน

รายการสื่อสารสนเทศ

ลำดับที่ ประเภท เลขเรียก/บาร์โค้ด สถานที่ สถานะ
- ไม่พบข้อมูล -

รายการใกล้เคียง
    หัวเรื่อง [Geriatrics.]

BibComment


ยังไม่เคยถูกคอมเมนท์

คอมเมนท์ทรัพยากรรายการนี้
  คอมเมนท์: Handbook of geri..


 Copyright 2026. Bcnsprnw @Library